[Event "BL 8687 Bochum-HSG"]
[Site "?"]
[Date "1987.??.??"]
[Round "?.3"]
[White "Breyther, R."]
[Black "Backwinkel, P."]
[Result "1-0"]
[WhiteElo "2335"]
[BlackElo "2345"]
[PlyCount "61"]
[EventDate "1987.??.??"]

1. e4 c5 2. Nf3 e6 3. d4 cxd4 4. Nxd4 Nf6 5. Nc3 Nc6 6. Ndb5 d6 7. Bf4 e5 8.
Bg5 a6 9. Na3 Be6 10. Nc4 Rc8 11. Ne3 Be7 12. Bxf6 Bxf6 13. Bd3 O-O 14. O-O Bg5
15. Ncd5 Bxe3 16. Nxe3 g6 17. c3 Ne7 18. Bc2 Qb6 19. Bb3 Bxb3 20. axb3 Rfd8 21.
Ra4 Rc5 22. b4 Rc7 23. Ra5 Rcd7 24. Nd5 Nxd5 25. Rxd5 f5 26. exf5 gxf5 27. Qh5
f4 28. Qh6 Rg7 29. Rxe5 Rxg2+ 30. Kxg2 Qc6+ 31. Kh3 1-0

[Event "BL 8687 Bochum-HSG"]
[Site "?"]
[Date "1987.??.??"]
[Round "?.4"]
[White "Wiemer, R."]
[Black "Dankert, P."]
[Result "1/2-1/2"]
[WhiteElo "2325"]
[BlackElo "2285"]
[PlyCount "100"]
[EventDate "1987.??.??"]

1. c4 Nf6 2. Nc3 c5 3. g3 e6 4. Nf3 b6 5. Bg2 Bb7 6. O-O Be7 7. d4 cxd4 8. Qxd4
d6 9. Rd1 a6 10. b3 Nbd7 11. e4 O-O 12. Ba3 Nc5 13. e5 dxe5 14. Qxd8 Rfxd8 15.
Nxe5 Bxg2 16. Kxg2 Bf8 17. Bb2 Rac8 18. Rac1 Nfd7 19. Nxd7 Rxd7 20. Rxd7 Nxd7
21. Rd1 Rc7 22. Ne4 f6 23. Kf3 Be7 24. Ke2 b5 25. Nd6 bxc4 26. Nxc4 Nb8 27. Ba3
Nc6 28. Bxe7 Rxe7 29. Rd6 Rc7 30. Kd2 Kf7 31. Kc3 Ke7 32. f4 a5 33. Rd2 Rd7 34.
a3 Rxd2 35. Nxd2 Kd6 36. Kc4 Na7 37. Nf3 e5 38. fxe5+ fxe5 39. Ng5 h6 40. Nf7+
Ke6 41. Nd8+ Kf5 42. Nb7 e4 43. Nxa5 Kg4 44. Kd4 Nb5+ 45. Kxe4 Nxa3 46. Nc6 Kh3
47. Nd4 g5 48. Kf3 h5 49. b4 Kxh2 50. b5 Nc4 1/2-1/2

[Event "BL 8687 Bochum-HSG"]
[Site "?"]
[Date "1987.??.??"]
[Round "?.5"]
[White "Kunsztowicz, U."]
[Black "Roeder, M."]
[Result "1-0"]
[WhiteElo "2325"]
[BlackElo "2280"]
[PlyCount "53"]
[EventDate "1987.??.??"]

1. g3 Nf6 2. Bg2 g6 3. d4 Bg7 4. c4 O-O 5. Nc3 d6 6. Nf3 Nc6 7. O-O a6 8. b3
Rb8 9. Bb2 b5 10. cxb5 axb5 11. Ne1 Bd7 12. Rc1 b4 13. Nb1 Na7 14. Nd3 Bb5 15.
Qc2 Bxd3 16. Qxd3 d5 17. Nd2 Nb5 18. Rc5 Qd7 19. Rfc1 Rb6 20. Qb1 Ra8 21. Nf1
Rba6 22. Ne3 e6 23. Nc2 Rxa2 24. Nxb4 Rxb2 25. Qxb2 Ne4 26. Bxe4 Bxd4 27. Qd2
1-0

[Event "BL 8687 HSK-Bochum"]
[Site "?"]
[Date "1987.??.??"]
[Round "?.2"]
[White "Chandler, M."]
[Black "Beckemeyer, W."]
[Result "1-0"]
[WhiteElo "2565"]
[BlackElo "2315"]
[PlyCount "65"]
[EventDate "1987.??.??"]

1. e4 c5 2. Nf3 d6 3. d4 cxd4 4. Nxd4 Nf6 5. Nc3 a6 6. Be3 e6 7. f3 Nbd7 8. g4
h6 9. h4 b5 10. Rg1 g6 11. g5 hxg5 12. hxg5 Nh5 13. Qd2 Bb7 14. a3 Rc8 15.
O-O-O Be7 16. Be2 Nb6 17. Ndxb5 axb5 18. Qd4 O-O 19. Qxb6 Qxb6 20. Bxb6 Rxc3
21. bxc3 d5 22. Kb2 Ra8 23. Bxb5 Bxa3+ 24. Kb3 Bf8 25. c4 Nf4 26. Ra1 Rc8 27.
Ra7 Ba8 28. Rga1 dxc4+ 29. Bxc4 Rb8 30. R1a6 Bc6 31. Ka2 Bb7 32. Bc7 Bxa6 33.
Bxa6 1-0

[Event "BL 8687 HSK-Bochum"]
[Site "?"]
[Date "1987.??.??"]
[Round "?.3"]
[White "Backwinkel, P."]
[Black "Stein, B."]
[Result "1/2-1/2"]
[WhiteElo "2345"]
[BlackElo "2405"]
[PlyCount "21"]
[EventDate "1987.??.??"]

1. d4 Nf6 2. Nf3 e6 3. Bg5 h6 4. Bxf6 Qxf6 5. e4 g6 6. c3 Bg7 7. Nbd2 d6 8. Bd3
Nd7 9. O-O O-O 10. Re1 e5 11. Nc4 1/2-1/2

[Event "BL 8687 HSK-Bochum"]
[Site "?"]
[Date "1987.??.??"]
[Round "?.4"]
[White "Wahls, M."]
[Black "Wiemer, R."]
[Result "1-0"]
[WhiteElo "2460"]
[BlackElo "2325"]
[PlyCount "67"]
[EventDate "1987.??.??"]

1. e4 Nf6 2. e5 Nd5 3. d4 d6 4. Nf3 Bg4 5. Be2 e6 6. O-O Be7 7. c4 Nb6 8. Nc3
O-O 9. Be3 a5 10. b3 d5 11. c5 Bxf3 12. Bxf3 N6d7 13. Be2 b6 14. cxb6 Nxb6 15.
Rc1 c6 16. f4 f5 17. exf6 Bxf6 18. Nb1 N6d7 19. Nc3 Nb6 20. Qc2 Qd6 21. Bd3 g6
22. Ne2 Ra7 23. g4 Bg7 24. h4 Qd8 25. g5 Bh8 26. h5 gxh5 27. Kg2 Nc8 28. Rh1
Nd6 29. Ng3 Raf7 30. Rxh5 Nf5 31. Nxf5 exf5 32. Rch1 Re7 33. Bxf5 Rxe3 34. Be6+
1-0

[Event "BL 8687 HSK-Bochum"]
[Site "?"]
[Date "1987.??.??"]
[Round "?.6"]
[White "Wegner, H."]
[Black "Ueter, H."]
[Result "1-0"]
[WhiteElo "2300"]
[BlackElo "2270"]
[PlyCount "97"]
[EventDate "1987.??.??"]

1. d4 Nf6 2. c4 c5 3. d5 e6 4. Nc3 exd5 5. cxd5 d6 6. Nf3 g6 7. Bf4 Bg7 8. Qa4+
Bd7 9. Qb3 Qc7 10. e4 O-O 11. Nd2 Nh5 12. Be3 f5 13. exf5 gxf5 14. Be2 Be8 15.
Nf3 h6 16. O-O a6 17. a4 Nd7 18. Rfe1 f4 19. Bd2 Ne5 20. Qd1 Qf7 21. Rb1 Qg6
22. Nxe5 Bxe5 23. b4 cxb4 24. Rxb4 Rc8 25. Ne4 Ng7 26. Bf3 b5 27. axb5 Bxb5 28.
Bc1 Rc4 29. Rxc4 Bxc4 30. Nd2 Bd3 31. Qb3 Rc8 32. Bb2 Bxb2 33. Qxb2 Rc2 34.
Qb8+ Kh7 35. Qb4 Qf5 36. h3 h5 37. Re7 Rc1+ 38. Kh2 Qf6 39. Be4+ Bxe4 40. Qxe4+
Kg8 41. Nb3 Rf1 42. Ra7 h4 43. Nd4 Qg5 44. Ra8+ Kf7 45. Ra7+ Kf8 46. Qf3 Qe5
47. Ne6+ Nxe6 48. dxe6 d5 49. Qa3+ 1-0

[Event "BL 8687 HSG-Solingen"]
[Site "?"]
[Date "1987.??.??"]
[Round "?.2"]
[White "Rostalski, W."]
[Black "Lobron, E."]
[Result "0-1"]
[WhiteElo "2265"]
[BlackElo "2515"]
[PlyCount "82"]
[EventDate "1987.??.??"]

1. Nf3 Nf6 2. g3 d5 3. Bg2 c6 4. d4 Bg4 5. Ne5 Bh5 6. Nd3 Nbd7 7. O-O Qb6 8. c3
e6 9. Nd2 Bd6 10. Nf3 Bg6 11. Qb3 h6 12. Re1 Bh7 13. Bf4 Bxf4 14. Nxf4 O-O 15.
Nd3 Rfc8 16. Qxb6 axb6 17. a3 Ne4 18. Rad1 Nd6 19. Nfe5 Nxe5 20. Nxe5 Ra5 21.
e3 f6 22. Nf3 Nc4 23. Re2 Rca8 24. Ne1 Rb5 25. b4 Rxa3 26. Rc1 Kf7 27. e4 Bxe4
28. Bxe4 dxe4 29. Rxe4 Rd5 30. Ng2 g5 31. h3 Rd8 32. Re2 Rda8 33. f4 Ra1 34.
Ree1 Rxc1 35. Rxc1 Ra2 36. fxg5 hxg5 37. h4 Nd2 38. hxg5 Nf3+ 39. Kh1 Nxg5 40.
Re1 Rf2 41. Re3 Nf3 0-1

[Event "BL 8687 HSG-Solingen"]
[Site "?"]
[Date "1987.??.??"]
[Round "?.4"]
[White "Dankert, P."]
[Black "Ostermeyer, P."]
[Result "0-1"]
[WhiteElo "2285"]
[BlackElo "2455"]
[PlyCount "58"]
[EventDate "1987.??.??"]

1. d4 Nf6 2. Nf3 c5 3. d5 g6 4. c4 d6 5. Nc3 Bg7 6. e4 O-O 7. Be2 e6 8. O-O
exd5 9. cxd5 Bg4 10. h3 Bxf3 11. Bxf3 a6 12. a4 Nbd7 13. Bf4 Ne5 14. Be2 Re8
15. Qc2 Rc8 16. Kh1 c4 17. Bh2 Nfd7 18. f4 Nd3 19. Bxd3 cxd3 20. Qxd3 Nc5 21.
Qf3 Bxc3 22. bxc3 Nxe4 23. Rfc1 Qf6 24. Ra3 Rc4 25. Re1 Qh4 26. Re2 f5 27. Bg1
Rec8 28. Bd4 Ng3+ 29. Kg1 Rxd4 0-1

[Event "BL 8687 HSG-Solingen"]
[Site "?"]
[Date "1987.??.??"]
[Round "?.5"]
[White "Kavalek, L."]
[Black "Kunsztowicz, U."]
[Result "1-0"]
[WhiteElo "2555"]
[BlackElo "2325"]
[PlyCount "105"]
[EventDate "1987.??.??"]

1. d4 Nf6 2. Nf3 c5 3. d5 g6 4. Nc3 d6 5. e4 Bg7 6. Bb5+ Nbd7 7. a4 O-O 8. h3
a6 9. Be2 b6 10. O-O Bb7 11. Bf4 Ne8 12. Qd2 Nc7 13. Bh6 Nf6 14. Bxg7 Kxg7 15.
Rfe1 Qd7 16. Rab1 b5 17. b4 c4 18. Rbd1 Rfd8 19. Qe3 Rab8 20. Nd4 Ba8 21. axb5
axb5 22. Qg3 Bb7 23. Bg4 Qe8 24. Bf3 Kh8 25. Qh4 Ra8 26. e5 dxe5 27. d6 Rxd6
28. Bxb7 Rxd4 29. Rxd4 exd4 30. Bxa8 dxc3 31. Bf3 Ne6 32. Rd1 Qb8 33. Qg3 Nf4
34. Qg5 Ne6 35. Qe3 Kg7 36. Qxc3 Ng5 37. Qe3 Nxf3+ 38. Qxf3 Qe5 39. Qe3 Qf5 40.
c3 e6 41. Qd4 e5 42. Qe3 Qc2 43. Rc1 Qb2 44. Re1 e4 45. Qd4 Qc2 46. Re3 h5 47.
f3 Qc1+ 48. Kh2 Kg8 49. fxe4 h4 50. Rf3 Nh5 51. Qd8+ Kg7 52. Qc7 Ng3 53. Rxf7+
1-0

[Event "BL 8687 Enger-Bayern"]
[Site "?"]
[Date "1987.??.??"]
[Round "?.1"]
[White "Ribli, Z."]
[Black "Gruen, G."]
[Result "1-0"]
[WhiteElo "2585"]
[BlackElo "2410"]
[PlyCount "149"]
[EventDate "1987.??.??"]

1. Nf3 Nf6 2. c4 e6 3. g3 d5 4. Bg2 dxc4 5. Qa4+ Nbd7 6. Qxc4 a6 7. Qb3 Rb8 8.
a4 b5 9. axb5 axb5 10. Nd4 Ne5 11. Nc2 c5 12. d3 Bd6 13. Bg5 O-O 14. Nd2 h6 15.
Bxf6 Qxf6 16. O-O Bb7 17. Bxb7 Rxb7 18. Ra6 Qd8 19. Rc1 Qd7 20. Qc3 Qc7 21. b3
Nd7 22. Nf3 Rc8 23. Qa1 Ne5 24. Nce1 Nxf3+ 25. Nxf3 Bf8 26. Rc2 Qd7 27. Rca2
Qd5 28. Nd2 Qe5 29. Qd1 Qd5 30. R2a5 Be7 31. Qc2 Qe5 32. Ne4 f5 33. Nc3 Rcb8
34. Rc6 c4 35. Raa6 Bf6 36. Nd1 cxd3 37. Qxd3 Rd8 38. Rd6 Rxd6 39. Rxd6 Ra7 40.
Ne3 Ra1+ 41. Kg2 Rc1 42. f4 Qc3 43. Rxe6 Qxd3 44. exd3 Rc3 45. Nxf5 Rxb3 46.
Nxh6+ Kh7 47. Ng4 Bc3 48. Rb6 b4 49. Kf3 Rb1 50. Ne5 b3 51. Nc4 b2 52. Kg4 Bd4
53. Rb4 Bc3 54. Rb3 Bd4 55. Kf5 Kh6 56. Rb8 Kh7 57. g4 Re1 58. Nxb2 Rb1 59. g5
g6+ 60. Ke4 Rxb2 61. Rxb2 Bxb2 62. d4 Kg7 63. d5 Bc3 64. d6 Bb4 65. d7 Be7 66.
h4 Kf7 67. f5 Bd8 68. Kf4 Bc7+ 69. Kg4 Ke7 70. fxg6 Be5 71. Kf5 Bc3 72. h5 Kxd7
73. g7 Bxg7 74. Kg6 Bd4 75. Kf7 1-0

[Event "BL 8687 Enger-Bayern"]
[Site "?"]
[Date "1987.??.??"]
[Round "?.2"]
[White "Fleck, J."]
[Black "Kindermann, S."]
[Result "0-1"]
[WhiteElo "2390"]
[BlackElo "2485"]
[PlyCount "102"]
[EventDate "1987.??.??"]

1. e4 e5 2. Nf3 Nc6 3. Bb5 g6 4. O-O Bg7 5. c3 d6 6. d4 Bd7 7. Be3 a6 8. Ba4
Nf6 9. dxe5 dxe5 10. Nbd2 Qe7 11. b4 b6 12. Re1 O-O 13. Qc2 Nh5 14. Nf1 Nf4 15.
Bd2 b5 16. Bb3 Bg4 17. Bxf4 exf4 18. N1d2 Rad8 19. a4 Ne5 20. Nd4 f3 21. h3
Bxh3 22. N2xf3 Nxf3+ 23. Nxf3 Bg4 24. Nh2 Be6 25. Nf1 Bxb3 26. Qxb3 Rd3 27. Re3
Rxe3 28. Nxe3 Qxe4 29. axb5 axb5 30. Qd5 Qe5 31. Rc1 Re8 32. Qxe5 Bxe5 33. c4
Bf4 34. Kf1 Re5 35. cxb5 Rxb5 36. Rc4 Bd6 37. Nc2 Kg7 38. g4 Kf6 39. Kg2 Ke5
40. f4+ Kd5 41. Ne3+ Ke6 42. Nc2 Rb8 43. Kf3 Ra8 44. Ke4 f5+ 45. gxf5+ gxf5+
46. Kd3 Kf6 47. Ke3 h5 48. Kf3 Rg8 49. Rc6 h4 50. Ne3 Ke6 51. Rc4 h3 0-1

[Event "BL 8687 Enger-Bayern"]
[Site "?"]
[Date "1987.??.??"]
[Round "?.3"]
[White "Bischoff, K."]
[Black "Stertenbrink, G."]
[Result "0-1"]
[WhiteElo "2495"]
[BlackElo "2225"]
[PlyCount "116"]
[EventDate "1987.??.??"]

1. e4 c5 2. Nf3 g6 3. d4 cxd4 4. Nxd4 Bg7 5. c4 Qb6 6. Nb5 a6 7. N5c3 d6 8. Nd5
Qc6 9. Bd3 e6 10. Qe2 Nd7 11. Nbc3 Ne5 12. Ne3 Ne7 13. O-O O-O 14. Rd1 b6 15.
Ng4 Nxd3 16. Qxd3 h5 17. Ne3 Bb7 18. Qxd6 Qxd6 19. Rxd6 Bxc3 20. bxc3 Bxe4 21.
Rxb6 Rfb8 22. Rb3 Nf5 23. Nxf5 Bxf5 24. c5 Rb5 25. Be3 Rab8 26. Rxb5 Rxb5 27.
a4 Rb1+ 28. Rxb1 Bxb1 29. c6 e5 30. c7 Bf5 31. Bc5 f6 32. Kf1 Kf7 33. Ke2 Ke8
34. a5 Be6 35. Kd3 Kd7 36. Bb6 Bd5 37. g3 Kc8 38. c4 Bb7 39. Kc3 Kd7 40. Kb4
Kc6 41. h4 Bc8 42. Bc5 Kxc7 43. Be7 f5 44. Kc5 e4 45. Bd6+ Kb7 46. Kd5 Bd7 47.
Bf4 Ba4 48. Kd6 Bb3 49. c5 Ba4 50. Be3 Bb5 51. Bg5 Ba4 52. Bd8 Bb5 53. Bb6 Ba4
54. Ke7 Kc6 55. Kf7 g5 56. Bd8 f4 57. gxf4 gxf4 58. Bf6 e3 0-1

[Event "BL 8687 Enger-Bayern"]
[Site "?"]
[Date "1987.??.??"]
[Round "?.4"]
[White "Pieper Emden, C."]
[Black "Hecht, H."]
[Result "1/2-1/2"]
[WhiteElo "2335"]
[BlackElo "2455"]
[PlyCount "99"]
[EventDate "1987.??.??"]

1. d4 e6 2. c4 Nf6 3. g3 Bb4+ 4. Nd2 O-O 5. Bg2 d6 6. Ngf3 Nc6 7. O-O Bxd2 8.
Qxd2 e5 9. d5 Nb8 10. Ne1 a5 11. b3 Nbd7 12. Nd3 e4 13. Ne1 Re8 14. Nc2 Nc5 15.
Bb2 Ng4 16. Bc3 b6 17. f3 exf3 18. exf3 Ne5 19. Nd4 Bd7 20. h3 Ng6 21. Rae1
Rxe1 22. Rxe1 Qf8 23. f4 Re8 24. f5 Rxe1+ 25. Qxe1 Ne5 26. Qe3 Qd8 27. g4 h6
28. Nf3 Nxf3+ 29. Bxf3 f6 30. Kf2 Kf8 31. Bd4 Qe7 32. Qxe7+ Kxe7 33. Ke3 Bc8
34. Be2 Nd7 35. Kf4 Ne5 36. h4 Nf7 37. a3 Bd7 38. Bc3 Bc8 39. Ke4 Bd7 40. Bd2
Bc8 41. Bf4 Ba6 42. Kd4 Bc8 43. Ke4 Ba6 44. b4 axb4 45. axb4 Ne5 46. Kd4 Nf7
47. Bd3 Ne5 48. Be2 Nf7 49. Bd1 Ne5 50. Be2 1/2-1/2

[Event "BL 8687 Enger-Bayern"]
[Site "?"]
[Date "1987.??.??"]
[Round "?.5"]
[White "Hertneck, G."]
[Black "Eising, J."]
[Result "1-0"]
[WhiteElo "2440"]
[BlackElo "2355"]
[PlyCount "113"]
[EventDate "1987.??.??"]

1. c4 g6 2. d4 Bg7 3. Nc3 c5 4. d5 d6 5. e4 e6 6. Nf3 Ne7 7. Be2 O-O 8. O-O e5
9. Ne1 f5 10. a3 Nd7 11. b4 b6 12. Nd3 Nf6 13. f3 f4 14. Kf2 g5 15. Ke1 Ng6 16.
Kd2 Bd7 17. a4 Rf7 18. Ba3 a5 19. bxa5 bxa5 20. Bb2 Ne8 21. Nb5 Bc8 22. Bc3 Nc7
23. Nxc7 Qxc7 24. Ne1 Nf8 25. Nc2 Nd7 26. Qe1 Nf6 27. Kc1 Bd7 28. Bd1 g4 29.
Ra2 Qd8 30. Na1 gxf3 31. gxf3 Be8 32. Nb3 Rfa7 33. Qh4 Rb8 34. Rg1 Rb4 35. Bxb4
cxb4 36. Qf2 Rc7 37. Nxa5 Rc5 38. Nb3 Rxc4+ 39. Rc2 Rc3 40. Rxc3 bxc3 41. Qa7
Nd7 42. Qa5 Qc8 43. Rg2 Kf7 44. Rc2 Bf6 45. Qxc3 Qb8 46. a5 Bd8 47. Be2 Qa7 48.
Bb5 Ke7 49. Kb2 Qg1 50. Bc6 h5 51. Qd2 Kf8 52. Qf2 Qd1 53. Rd2 Qh1 54. Bxd7
Bxd7 55. a6 Bc8 56. Rc2 Bxa6 57. Rc1 1-0

[Event "BL 8687 Enger-Bayern"]
[Site "?"]
[Date "1987.??.??"]
[Round "?.6"]
[White "Groenegress, W."]
[Black "Hickl, J."]
[Result "1/2-1/2"]
[WhiteElo "2215"]
[BlackElo "2430"]
[PlyCount "57"]
[EventDate "1987.??.??"]

1. Nf3 d6 2. e4 g6 3. d4 Nf6 4. Nc3 Bg7 5. Bc4 Nc6 6. Qe2 e5 7. dxe5 Nxe5 8.
Nxe5 dxe5 9. O-O O-O 10. Bg5 c6 11. Rad1 Qb6 12. Rd3 Bg4 13. Qe3 Rfe8 14. f3
Be6 15. Qxb6 axb6 16. Bxe6 Rxe6 17. Rfd1 b5 18. Rd8+ Re8 19. Rxe8+ Nxe8 20. a3
Bf6 21. Bxf6 Nxf6 22. Rd6 Kg7 23. Kf2 h5 24. h4 Rc8 25. Ke3 Ne8 26. Rd7 Rc7 27.
Rxc7 Nxc7 28. Ne2 Kf6 29. Kd3 1/2-1/2

[Event "BL 8687 Porz-München 36"]
[Site "?"]
[Date "1987.??.??"]
[Round "?.1"]
[White "Unzicker, W."]
[Black "Miles, A."]
[Result "0-1"]
[WhiteElo "2470"]
[BlackElo "2570"]
[PlyCount "98"]
[EventDate "1987.??.??"]

1. e4 c5 2. Nf3 Nc6 3. d4 cxd4 4. Nxd4 g6 5. c4 Bg7 6. Be3 Nf6 7. Nc3 Ng4 8.
Qxg4 Nxd4 9. Qd1 Ne6 10. Qd2 Qa5 11. Rc1 b6 12. Be2 Bb7 13. f3 h5 14. O-O g5
15. Rfd1 d6 16. b3 h4 17. Qc2 Qe5 18. Nd5 Kf8 19. Rb1 Rc8 20. Qd2 Rg8 21. a4 h3
22. gxh3 Nf4 23. Kh1 Nxh3 24. Bf1 Rh8 25. Bxh3 Rxh3 26. Bxg5 Bxd5 27. exd5 Qf5
28. Qg2 Be5 29. f4 Bc3 30. Rbc1 f6 31. Bh4 Rxh4 32. Rxc3 Kf7 33. Re3 Rch8 34.
Rde1 Rxh2+ 35. Qxh2 Rxh2+ 36. Kxh2 Qxf4+ 37. Kg2 Qg5+ 38. Kf3 f5 39. R1e2 Kf8
40. Kf2 Qh4+ 41. Kf1 Qd4 42. Rf3 Ke8 43. Rxf5 Qd1+ 44. Kf2 Qxb3 45. Rf4 Qxa4
46. Rfe4 Qd7 47. Ke3 Kd8 48. Kd3 b5 49. Kc3 Qc7 0-1

[Event "BL 8687 Porz-München 36"]
[Site "?"]
[Date "1987.??.??"]
[Round "?.3"]
[White "Nikolac, J."]
[Black "Heinbuch, D."]
[Result "1/2-1/2"]
[WhiteElo "2435"]
[BlackElo "2425"]
[PlyCount "136"]
[EventDate "1987.??.??"]

1. Nf3 d5 2. b3 Nf6 3. Bb2 c6 4. d3 Bg4 5. Nbd2 e6 6. g3 Be7 7. Bg2 O-O 8. O-O
a5 9. h3 Bxf3 10. Nxf3 a4 11. c4 Nbd7 12. Qc2 Qb6 13. cxd5 axb3 14. axb3 cxd5
15. Rfc1 Rxa1 16. Bxa1 Ba3 17. Bd4 Qd6 18. Ra1 Bc5 19. Bb2 Qc6 20. Rc1 Qb6 21.
e3 Ra8 22. Bc3 h6 23. Bf1 Ne8 24. Kg2 Ra3 25. Rb1 Ra8 26. b4 Be7 27. Bd4 Qc7
28. Qb2 Bf6 29. Rc1 Bxd4 30. Rxc7 Bxb2 31. Rxd7 Rb8 32. d4 Nf6 33. Rc7 Ba3 34.
b5 Bd6 35. Rc2 Ra8 36. Bd3 Kf8 37. Kf1 Ke7 38. Ke2 Kd8 39. g4 g6 40. Ne5 Bxe5
41. dxe5 Nd7 42. f4 Ra1 43. Kf2 Ra3 44. Be2 Nb6 45. h4 Kd7 46. Rd2 Ke7 47. Kf3
Ke8 48. Rd4 Ke7 49. f5 Nd7 50. f6+ Kd8 51. Kf2 Nxe5 52. e4 Nd7 53. exd5 e5 54.
Re4 Kc7 55. g5 hxg5 56. hxg5 Kd6 57. Rb4 Nc5 58. b6 e4 59. Rb1 Kxd5 60. Rd1+
Ke5 61. Bc4 Kf4 62. Bxf7 Nd3+ 63. Kf1 Kxg5 64. Bd5 Kxf6 65. Bxe4 Nc5 66. Bg2
Rb3 67. Rd6+ Kg7 68. Bxb7 Rb1+ 1/2-1/2

[Event "BL 8687 Porz-München 36"]
[Site "?"]
[Date "1987.??.??"]
[Round "?.4"]
[White "Schulz, KJ."]
[Black "Bastian, H."]
[Result "1/2-1/2"]
[WhiteElo "2440"]
[BlackElo "2375"]
[PlyCount "84"]
[EventDate "1987.??.??"]

1. Nf3 Nf6 2. g3 g6 3. Bg2 Bg7 4. d4 c5 5. c3 Na6 6. O-O O-O 7. Na3 d6 8. Re1
Bg4 9. Ng5 Qc8 10. Ne4 Nxe4 11. Bxe4 Rb8 12. Nb5 Qd7 13. a4 cxd4 14. cxd4 Nc7
15. Qd3 a6 16. Nxc7 Qxc7 17. Be3 Rfc8 18. Qd2 Qc4 19. Rec1 Qb3 20. Rxc8+ Rxc8
21. Ra3 Qb6 22. Rc3 Rxc3 23. Qxc3 h5 24. a5 Qb5 25. Bd3 Qd5 26. Bc4 Qf5 27. Bd3
Qe6 28. Bc4 d5 29. Bd3 Bf6 30. h4 Kg7 31. Qc7 Qd7 32. Qxd7 Bxd7 33. Bc2 Bb5 34.
Kf1 e6 35. Ke1 Kf8 36. Kd2 Ke8 37. Bd1 Kd7 38. Kc3 Kc6 39. Bg5 Bg7 40. Be7 Kd7
41. Bc5 Bf6 42. f4 Bd8 1/2-1/2

[Event "BL 8687 Porz-München 36"]
[Site "?"]
[Date "1987.??.??"]
[Round "?.5"]
[White "Zysk, R."]
[Black "Dresen, U."]
[Result "1-0"]
[WhiteElo "2405"]
[BlackElo "2360"]
[PlyCount "133"]
[EventDate "1987.??.??"]

1. d4 g6 2. e4 Bg7 3. Nf3 d6 4. c3 Nf6 5. Bd3 O-O 6. O-O Nc6 7. h3 e5 8. dxe5
Nxe5 9. Nxe5 dxe5 10. Bg5 Qe8 11. Qf3 Qc6 12. Na3 b6 13. Bb5 Qe6 14. Bc4 Qe7
15. Bd5 Ba6 16. Bxa8 Bxf1 17. Bb7 Rb8 18. Bc6 Ba6 19. Nb5 Bxb5 20. Bxb5 Rd8 21.
a4 h6 22. Be3 a5 23. Re1 Qd6 24. Bc1 Nh5 25. Bc4 Rd7 26. g3 Nf6 27. Bb3 Qc6 28.
Kg2 Kh7 29. Qe2 Ne8 30. Qc4 Qxc4 31. Bxc4 Bf8 32. Be3 Nf6 33. f3 Kg7 34. Bb5
Rd8 35. Kf2 Be7 36. Ke2 Nh5 37. Bf2 Bc5 38. Bxc5 bxc5 39. Rg1 f5 40. exf5 gxf5
41. f4 exf4 42. gxf4+ Kf6 43. Ke3 Rd6 44. Rg8 Re6+ 45. Kf3 c6 46. Bd3 Rd6 47.
Bc4 Ke7 48. Ra8 Rg6 49. Rxa5 Kd6 50. b4 Rg3+ 51. Kf2 Rxc3 52. Rxc5 Nxf4 53. h4
Ng6 54. Bf7 Rh3 55. Bxg6 Rxh4 56. Be8 Rxb4 57. Rxc6+ Ke7 58. Rc8 Rb3 59. Bb5
Kf6 60. Rc5 Ra3 61. Bd7 Ke7 62. Rd5 f4 63. Rd4 h5 64. Bb5 Kf6 65. Rxf4+ Kg5 66.
Rf3 Ra2+ 67. Kg3 1-0

[Event "BL 8687 Porz-München 36"]
[Site "?"]
[Date "1987.??.??"]
[Round "?.7"]
[White "Pichler, J."]
[Black "Garcia Palermo, C."]
[Result "1-0"]
[WhiteElo "2325"]
[BlackElo "2515"]
[PlyCount "103"]
[EventDate "1987.??.??"]

1. e4 c6 2. Nc3 d5 3. d4 dxe4 4. Nxe4 Bf5 5. Ng3 Bg6 6. h4 h6 7. f4 Nf6 8. h5
Bh7 9. Nf3 Qa5+ 10. c3 e6 11. Bd3 Bxd3 12. Qxd3 Bd6 13. Bd2 O-O 14. Ne5 c5 15.
dxc5 Qxc5 16. Nc4 Bc7 17. Ne4 Nxe4 18. Qxe4 Nc6 19. Be3 Qd5 20. Qxd5 exd5 21.
Na3 Rad8 22. Nb5 Bb8 23. g3 Rfe8 24. Kf2 a6 25. Nd4 Ba7 26. Rad1 Re4 27. Nc2
Bxe3+ 28. Nxe3 d4 29. cxd4 Nxd4 30. Rd3 Rde8 31. Rc1 Nc6 32. a3 g6 33. hxg6
fxg6 34. Rc2 Kg7 35. Rd7+ R8e7 36. Rxe7+ Rxe7 37. Rd2 Rf7 38. Kf3 Ne5+ 39. Ke4
Nd7 40. Rd6 Nf6+ 41. Kf3 h5 42. Nc4 Ng4 43. Rb6 Re7 44. a4 Nh2+ 45. Kf2 Ng4+
46. Kf1 h4 47. gxh4 Kh6 48. f5 Kh5 49. Rxg6 Kxh4 50. f6 Re4 51. f7 Rf4+ 52. Ke2
1-0

[Event "BL 8687 Porz-München 36"]
[Site "?"]
[Date "1987.??.??"]
[Round "?.8"]
[White "Schoen, W."]
[Black "Goetz, R."]
[Result "1/2-1/2"]
[WhiteElo "2415"]
[BlackElo "2320"]
[PlyCount "76"]
[EventDate "1987.??.??"]

1. d4 Nf6 2. c4 d6 3. Nc3 Nbd7 4. e4 e5 5. Nf3 c6 6. Be2 Be7 7. O-O O-O 8. Rb1
a6 9. b4 Qc7 10. Qc2 b5 11. Rd1 Re8 12. h3 Bf8 13. Be3 Bb7 14. dxe5 Nxe5 15.
Nxe5 dxe5 16. a4 a5 17. c5 axb4 18. Rxb4 bxa4 19. Rdb1 Bc8 20. Nxa4 Be6 21. Bc4
Bxc4 22. Qxc4 Rab8 23. Nb6 Nh5 24. g3 g6 25. Qb3 Rbd8 26. Nc4 Rd7 27. Rb7 Qd8
28. Rb8 Qe7 29. Rxe8 Qxe8 30. Qb8 Qe6 31. Bh6 Ng7 32. Bxg7 Kxg7 33. Qxe5+ Qxe5
34. Nxe5 Re7 35. f4 f6 36. Nxc6 Re6 37. Rb7+ Kg8 38. Nb4 Bxc5+ 1/2-1/2

[Event "BL 8687 Bayern-Porz"]
[Site "?"]
[Date "1987.??.??"]
[Round "?.1"]
[White "Miles, A."]
[Black "Ribli, Z."]
[Result "1/2-1/2"]
[WhiteElo "2570"]
[BlackElo "2585"]
[PlyCount "29"]
[EventDate "1987.??.??"]

1. d4 Nf6 2. c4 e6 3. Nc3 Bb4 4. e3 O-O 5. Bd3 c5 6. Nge2 d5 7. cxd5 cxd4 8.
exd4 Nxd5 9. O-O Nc6 10. a3 Bd6 11. Ne4 Re8 12. Bc2 Be7 13. Qd3 g6 14. Rd1 b6
15. Bh6 1/2-1/2

[Event "BL 8687 Bayern-Porz"]
[Site "?"]
[Date "1987.??.??"]
[Round "?.3"]
[White "Heinbuch, D."]
[Black "Bischoff, K."]
[Result "1/2-1/2"]
[WhiteElo "2425"]
[BlackElo "2495"]
[PlyCount "29"]
[EventDate "1987.??.??"]

1. d4 Nf6 2. Nf3 g6 3. c4 Bg7 4. Nc3 d6 5. g3 O-O 6. Bg2 c6 7. O-O Qa5 8. e4
Bg4 9. h3 Bxf3 10. Bxf3 Nfd7 11. Be3 Qb4 12. Be2 Qxb2 13. Na4 Qa3 14. Bc1 Qb4
15. Bd2 1/2-1/2

[Event "BL 8687 Bayern-Porz"]
[Site "?"]
[Date "1987.??.??"]
[Round "?.4"]
[White "Hecht, H."]
[Black "Schulz, KJ."]
[Result "1/2-1/2"]
[WhiteElo "2455"]
[BlackElo "2440"]
[PlyCount "45"]
[EventDate "1987.??.??"]

1. Nf3 c5 2. e4 e6 3. c3 Nf6 4. e5 Nd5 5. d4 cxd4 6. Qxd4 Nc6 7. Qe4 d6 8. Nbd2
dxe5 9. Nxe5 Nxe5 10. Qxe5 Bd7 11. Nf3 Qc7 12. Qxc7 Nxc7 13. Ne5 Bb5 14. Bxb5+
Nxb5 15. Be3 Nc7 16. O-O-O Nd5 17. Bd2 Rc8 18. Kb1 f6 19. Nd3 Bd6 20. Rhe1 Kf7
21. Re4 b5 22. Rde1 Rhe8 23. g3 1/2-1/2

[Event "BL 8687 Bayern-Porz"]
[Site "?"]
[Date "1987.??.??"]
[Round "?.5"]
[White "Dresen, U."]
[Black "Hertneck, G."]
[Result "1/2-1/2"]
[WhiteElo "2360"]
[BlackElo "2440"]
[PlyCount "46"]
[EventDate "1987.??.??"]

1. d4 Nf6 2. Nf3 c5 3. c3 e6 4. Bg5 Nc6 5. e3 h6 6. Bh4 b6 7. Nbd2 Bb7 8. Ne4
cxd4 9. exd4 Be7 10. Bxf6 gxf6 11. Bd3 Qc7 12. Qe2 O-O-O 13. Ba6 d5 14. Ned2 h5
15. O-O-O h4 16. Nf1 Rdg8 17. Rg1 f5 18. Kb1 Bd6 19. g3 Na5 20. N1d2 hxg3 21.
hxg3 Bxa6 22. Qxa6+ Kb8 23. Rh1 Qc8 1/2-1/2